000 00652nam a2200241 a 4500
999 _c5952
_d5952
001 5952
003 BD-JhCC
005 20180101182601.0
008 171231s1964 nyua 000 0 eng d
035 _a(BD-JhCC)5952
040 _aBD-JhCC
_cCarP
_dBD-JhCC
041 _aeng
050 0 0 _aPR2877
_b.S36
082 _a823.9
_bSER 1964
100 1 _aSerraillier, Ian.
245 1 4 _aThe enchanted island /
_c Ian Serraillier,
260 _aNew York,
_bH. Z. Walck,
_c1964.
300 _a201 p.
_billus. (part col.)
_c22 cm.
600 1 0 _aShakespeare, William,
_d1564-1616
_xAdaptations.
650 _aEnglish Novel
942 _2ddc
_cBK